Historia general de España / (Record no. 158741)

MARC details
000 -LEADER
campo de control de longitud fija 01501nam a22003015i 4500
001 - NÚMERO DE CONTROL
campo de control 158741
003 - IDENTIFICADOR DE NÚMERO DE CONTROL
campo de control ES-MaACL
005 - FECHA Y HORA DE LA ÚLTIMA TRANSACCIÓN
campo de control 20240512063038.0
008 - DATOS DE LONGITUD FIJA--INFORMACIÓN GENERAL
campo de control de longitud fija 950410m18521853sp a |||| | spa d
040 ## - FUENTE DE CATALOGACIÓN
Centro catalogador/agencia de origen EUS
Lengua de catalogación spa
Centro/agencia transcriptor EUS
100 1# - ENTRADA PRINCIPAL--NOMBRE DE PERSONA
Nombre de persona Mariana, Juan de,
Fechas asociadas al nombre 1536-1624
9 (RLIN) 76675
245 10 - MENCIÓN DEL TÍTULO
Título Historia general de España /
Mención de responsabilidad, etc. la compuesta, enmendada y añadida por el Padre Mariana ; con la continuación de Miniana ; completada con todos los sucesos que comprenden el escrito clásico sobre el reinado de Cárlos III, por el Conde de Floridablanca, la historia de su levantamiento, guerra y revolución, por el Conde de Toreno, y la contemporánea hasta nuestros días ; adornada con 250 láminas.
260 ## - PUBLICACIÓN, DISTRIBUCIÓN, ETC.
Lugar de publicación, distribución, etc. Madrid :
Nombre del editor, distribuidor, etc. Imprenta y Librería de Gaspar y Roig,
Fecha de publicación, distribución, etc. 1852-1853.
300 ## - DESCRIPCIÓN FÍSICA
Extensión 3 v. (665 ; 654 ; 467 p.) :
Otras características físicas il. ;
Dimensiones 28 cm.
490 1# - MENCIÓN DE SERIE
Mención de serie Biblioteca ilustrada de Gaspar y Roig
594 ## - Nota al título y mención de responsabilidad
Nota al título y mención de responsabilidad En el t. III figura como continuador también Eduardo Chao.
597 ## - NOTA DE DESCRIPCIÓN FÍSICA
NOTA DE DESCRIPCIÓN FÍSICA Signaturizado.
597 ## - NOTA DE DESCRIPCIÓN FÍSICA
NOTA DE DESCRIPCIÓN FÍSICA Texto a dos col.
599 ## - NOTA A LAS ILUSTRACIONES
NOTA A LAS ILUSTRACIONES Retrato xil. del autor en port. de t. I: "Severia"
599 ## - NOTA A LAS ILUSTRACIONES
NOTA A LAS ILUSTRACIONES Grab. xil. en port. de t. II y III.
651 #4 - PUNTO DE ACCESO ADICIONAL DE MATERIA--NOMBRE GEOGRÁFICO
Nombre geográfico España-
Subdivisión general Historia.
9 (RLIN) 8209
700 1# - ENTRADA AGREGADA--NOMBRE PERSONAL
Nombre de persona Miñana, José Manuel.
9 (RLIN) 81391
700 0# - ENTRADA AGREGADA--NOMBRE PERSONAL
Nombre de persona Chao, Eduardo.
9 (RLIN) 37992
830 0# - PUNTO DE ACCESO ADICIONAL DE SERIE-TÍTULO UNIFORME
Título uniforme Biblioteca ilustrada de Gaspar y Roig
9 (RLIN) 177255
852 ## - LOCALIZACIÓN
Ubicación ES-MaACL
Número de control de estantería C-2543-45
Nota libre -- Enc. hol.
852 ## - LOCALIZACIÓN
Ubicación ES-MaACL
Número de control de estantería C-2116-18
Nota libre -- Enc. hol.
-- -- Legado M. de la Fuente
Holdings
Estatus retirado Estado de pérdida Estado de daño No para préstamo Colección Biblioteca de origen Biblioteca actual Ubicación en estantería Fecha de adquisición Total de préstamos Signatura topográfica completa Código de barras Visto por última vez Precio de reemplazo Tipo de ítem Koha
        Libros del s. XIX Biblioteca del Ateneo de Madrid Biblioteca del Ateneo de Madrid Sala Palomar 17/01/2008   C-2116-18 1166152 23/02/2023 23/02/2023 Libro impreso antiguo
        Libros del s. XIX Biblioteca del Ateneo de Madrid Biblioteca del Ateneo de Madrid Sala Palomar 17/01/2008   C-2543-45 1166151 23/02/2023 23/02/2023 Libro impreso antiguo